000 00578nam a2200193Ia 4500
999 _c43467
_d43467
003 GCL
005 20240530103924.0
008 140319s9999 xx 000 0 ara d
040 _aGCL /
_cGCL
082 0 4 _a027.625
_bم د
100 1 _aمركز توثيق وبحوث ادب الطفل
245 1 0 _aدليل مكتبات الاطفال العامة فى مصر /
_cمركز توثيق وبحوث ادب الطفل
300 _a130
490 _a100 قصة
_v0
650 0 4 _aمصر
650 0 4 _aمكتبات الاطفال
650 0 4 _aالادلة
942 _2ddc
_cBK